| 000 | 01351nam a2200289 a 4500 | ||
|---|---|---|---|
| 001 | BRCA_3276 | ||
| 005 | 20190320204212.0 | ||
| 008 | 130309s1847----enka---###---#000-0#eng-# | ||
| 041 | _aeng | ||
| 044 | _aenk | ||
| 084 |
_a577 _b.B64 _c1847 |
||
| 100 | 1 |
_aCervantes Saavedra, Miguel de _d1547-1616 _9213 |
|
| 245 | 1 | 0 |
_aDon Quixote de la Mancha _cTranslated from the Spanish of Miguel de Cervantes Saavedra. |
| 260 |
_aLondres _bHenry G. Bohn _c1847 |
||
| 300 |
_a1 v. en 2 partes (xviii, 507 p.) _bil. _c25 cm. |
||
| 500 | _aContenido : v.1. Primera parte. Advertencia del editor. Breve biografía de Cervantes. Prólogo del autor. Segunda parte. Dedicatoria y prólogo del autor | ||
| 500 | _aReimpresión de la edición publicada en Londres, por Charles Daly, en 1842, adornada con las mismas láminas y, como aquélla, está arreglada conforme a la traducción de Smirke. Lomos y planos decorados con motivos quijotiles dorados Lúdovik Osterc | ||
| 500 | _aQM456 | ||
| 546 | _aTexto en : inglés | ||
| 650 | 1 | 4 |
_aNovela española _yÉpoca clásica, 1500-1700 _9215 |
| 650 | 1 | 4 |
_aLiteratura española _yÉpoca clásica, 1500-1700 _9216 |
| 650 | 1 | 4 |
_aNovela española _ySiglo XVII _9217 |
| 650 | 1 | 4 |
_aDon Quijote (Personaje ficticio) _eNovela _9218 |
| 740 | 0 | _aEl Ingenioso Hidalgo Don Quijote de la Mancha | |
| 902 | _aQFM | ||
| 942 |
_2lcc _cB |
||
| 999 |
_c3012 _d3012 |
||